000 01696cam a2200217 4500
001 8383
005 20181127185758.0
008 050418s2004 enka b 001 0 eng
010 _a 2005274255
020 _a034081196X (pbk.)
082 0 0 _a616/.042
_222
100 1 _aHarper, Peter S.
245 1 0 _aPractical genetic counselling /
_cPeter S. Harper.
250 _a6th ed.
260 _aLondon ;
_bArnold,
_c2004.
300 _a409 p. :
_bill. ;
_c24 cm.
504 _aIncludes bibliographical references and index.
505 _aCONTENTS : Genetic counselling: an introduction -- Genetic counselling in Mendelian disorders -- Common disorders and genetic counselling -- Chromosome abnormalities -- Molecular genetics and genetic counselling -- Dysmorphology and genetic syndromes -- Carrier testing and genetic prediction -- Prenatal diagnosis and reproductive aspects of medical genetics -- Special issues in genetic counselling -- The genetic counselling clinic -- Neuromuscular disorders -- Central nervous system disorders -- Disorders of mental function -- Disorders of bone and connective tissue -- Oral and craniofacial disorders -- The skin -- The eye -- Deafness -- Cardiovascular and respiratory disorders -- The gastrointestinal tract -- Renal and urinary tract disease -- Endocrine and reproductive disorders -- Inborn errors of metabolism -- Disorders of blood and immune function -- Genetic risks in cancer -- Environmental hazards -- Population aspects of genetic counselling and genetic screening -- Genetics and society. Appendix: Useful information in connection with genetic counselling.
_g
_r
_t
650 0 _aGenetic counseling.
999 _c7244
_d7244